|
|
|
|
| LEADER |
00000cam a22000004a 4500 |
| 001 |
musev2_14971 |
| 003 |
MdBmJHUP |
| 005 |
20230905041633.0 |
| 006 |
m o d |
| 007 |
cr||||||||nn|n |
| 008 |
110805s2012 hiu o 00 0 eng d |
| 010 |
|
|
|z 2011032949
|
| 020 |
|
|
|a 9780824861162
|
| 020 |
|
|
|z 9780824833633
|
| 020 |
|
|
|z 0824861167
|
| 035 |
|
|
|a (OCoLC)805581867
|
| 040 |
|
|
|a MdBmJHUP
|c MdBmJHUP
|
| 043 |
|
|
|a a-cc---
|
| 050 |
0 |
4 |
|a NA2540
|b .F38 2012
|
| 082 |
0 |
|
|a 720.951
|2 23
|
| 100 |
1 |
|
|a Feng, Jiren,
|d 1963-
|
| 245 |
1 |
0 |
|a Chinese Architecture and Metaphor :
|b Song Culture in the Yingzao Fashi Building Manual /
|c Jiren Feng.
|
| 264 |
|
1 |
|a [Hong Kong] :
|b Hong Kong University Press,
|c 2012.
|
| 264 |
|
3 |
|a Baltimore, Md. :
|b Project MUSE,
|c 2012
|
| 264 |
|
4 |
|c ©2012.
|
| 300 |
|
|
|a 1 online resource.
|
| 336 |
|
|
|a text
|b txt
|2 rdacontent
|
| 337 |
|
|
|a computer
|b c
|2 rdamedia
|
| 338 |
|
|
|a online resource
|b cr
|2 rdacarrier
|
| 490 |
0 |
|
|a Spatial habitus
|
| 504 |
|
|
|a Includes bibliographical references and index.
|
| 588 |
|
|
|a Description based on print version record.
|
| 650 |
|
0 |
|a Architecture, Chinese
|x Early works to 1800.
|
| 650 |
|
0 |
|a Architecture
|z China
|x History
|y Song-Yuan dynasties, 960-1368.
|
| 650 |
|
0 |
|a Architectural writing
|z China
|x History.
|
| 600 |
1 |
0 |
|a Li, Jie,
|d 1035-1110.
|t Ying zao fa shi.
|
| 655 |
|
7 |
|a Electronic books.
|2 local
|
| 710 |
2 |
|
|a Project Muse.
|e distributor
|
| 830 |
|
0 |
|a Spatial habitus (Series)
|
| 830 |
|
0 |
|a Book collections on Project MUSE.
|
| 856 |
4 |
0 |
|z Texto completo
|u https://projectmuse.uam.elogim.com/book/14971/
|
| 945 |
|
|
|a Project MUSE - Custom Collection
|
| 945 |
|
|
|a Project MUSE - 2012 Complete
|
| 945 |
|
|
|a Project MUSE - 2012 Global Cultural Studies
|
| 945 |
|
|
|a Project MUSE - 2012 Asian and Pacific Studies
|